Animals that Appear on Hungarian Flags - Statistics

General Stats
  • This quiz has been taken 15 times
  • The average score is 9 of 12
Answer Stats
Countries Animal % Correct
Somogy, Borsod-Abaúj-Zemplén, +2 others Eagle
100%
Békés, Hajdú Bihar, +6 others Lion
100%
Komárom-Esztergom, Szabolcs-Szatmár-Bereg Bear
93%
Hajdú-Bihar Horse
93%
Szabolcs-Szatmár-Bereg Deer
79%
Budapest Griffin
71%
Hajdú-Bihar Snake
71%
Hajdú-Bihar, Szabolcs-Szatmár-Bereg Dragon
64%
Csongrád-Csanád Falcon
64%
Szabolcs-Szatmár-Bereg Lobster
57%
Csongrád-Csanád Dove
50%
Heves, Vas, + 2 others Crane
29%
No matching quizzes found
Score Distribution
Percent of People with Each Score
Percentile by Number Answered
Your Score History
You have not taken this quiz